000
00333nam a2200145Ia 4500
008
191201s2012 xx 000 0 und d
082
_a
670
_b
HMP
100
_a
HMT, Bangalore
245
0
_a
Production Technology
250
_a
34th Rep
260
_a
N. delhi
_b
TMH
_c
2012
300
_a
870
650
_a
M.Tech (ME)
942
_2
ddc
_c
BK
999
_c
5238
_d
5238